000 00432nam a2200169Ia 4500
003 LK-CoDNM
008 010623t2007 xxu||||| |||| 00| 1 sin d
040 _aLK-CoDNM
_dLK-CoDNM
_eLK-CoDNM
041 _asin
080 _a294.3 AIV
100 _aAivan,Victor.
245 _aපන්සලේ විප්ලවය
246 _aPansale Viplavaya
260 _bRavaya
_aMaharagama
_c2007
300 _b306p., 21 cm
942 _cBK
999 _c126806
_d126806